[Event "27th Budapest Spring Festival"]
[Site "Budapest, Hungary"]
[Date "2011.03.19"]
[Round "3"]
[White "Papa, Kassim"]
[Black "Mester, Attila"]
[Result "1/2-1/2"]
[WhiteElo "1919"]
[BlackElo "2107"]
[PlyCount "120"]
[EventDate "2011.??.??"]

1. e4 c5 2. Nf3 Nc6 3. Bb5 e6 4. Bxc6 bxc6 5. d3 d5 6. Qe2 Nf6 7. e5 Nd7 8. O-O
Be7 9. c4 O-O 10. Nc3 f6 11. exf6 Nxf6 12. Bg5 h6 13. Bh4 g5 14. Bg3 Nh5 15.
Ne5 Nxg3 16. fxg3 Bf6 17. Ng4 Bg7 18. Rxf8+ Qxf8 19. Rf1 Qd8 20. Qf3 Rb8 21.
Qf7+ Kh8 22. Qg6 Rb7 23. Nxh6 Bxh6 24. Qxh6+ Kg8 25. Rf6 Rg7 26. h4 dxc4 27.
dxc4 Qd4+ 28. Kh1 gxh4 29. gxh4 Qg4 30. Rf2 Qxc4 31. Qf6 Kh7 32. Rf4 Qd3 33.
Rf3 Qd2 34. Rf2 Qe3 35. h5 e5 36. Rf1 Qg3 37. Rg1 Qg5 38. Qxg5 Rxg5 39. Rd1
Rxh5+ 40. Kg1 Bf5 41. Rd8 Rg5 42. Kf2 c4 43. Ra8 Rg7 44. Re8 Rb7 45. Rxe5 Rxb2+
46. Ke3 Kg6 47. g3 Kf6 48. Rc5 Be6 49. Rxc6 Rc2 50. Kd4 Rd2+ 51. Kc5 Rd3 52.
Ne4+ Ke5 53. Rxe6+ Kxe6 54. Kxc4 Ra3 55. Nc3 a5 56. Kd3 Kd6 57. Kc4 Ke5 58. Kd3
Kf5 59. Kc2 Kg4 60. Kb2 Rxa2+ 1/2-1/2

[Event "27th Budapest Spring Festival"]
[Site "Budapest, Hungary"]
[Date "2011.03.19"]
[Round "3"]
[White "Frih, Ameur"]
[Black "Ruck, Robert"]
[Result "1-0"]
[WhiteElo "2095"]
[BlackElo "1914"]
[PlyCount "47"]
[EventDate "2011.??.??"]

1. e4 c5 2. Nf3 e6 3. d3 Nc6 4. g3 g6 5. Bg2 Bg7 6. O-O Qb6 7. Na3 d6 8. Nc4
Qc7 9. a4 Nge7 10. c3 O-O 11. Bf4 e5 12. Be3 Be6 13. Qd2 Rfe8 14. Bh6 Bh8 15.
Ng5 Bxc4 16. dxc4 Na5 17. Qd3 Nc8 18. f4 Nc6 19. f5 Re7 20. fxg6 hxg6 21. Rf2
Nb6 22. a5 Nc8 23. Raf1 Nd8 24. Bh3 1-0

[Event "27th Budapest Spring Festival"]
[Site "Budapest, Hungary"]
[Date "2011.03.19"]
[Round "3"]
[White "Grimm, Daniel"]
[Black "Juracsik, Jozsef"]
[Result "1-0"]
[WhiteElo "1997"]
[BlackElo "2228"]
[PlyCount "78"]
[EventDate "2011.??.??"]

1. d4 Nf6 2. c4 c5 3. d5 e6 4. Nc3 exd5 5. cxd5 d6 6. Nf3 g6 7. g3 Bg7 8. Bg2
O-O 9. O-O Re8 10. Nd2 b6 11. Re1 a6 12. a4 Nbd7 13. Nc4 Ne5 14. Nxe5 Rxe5 15.
Qc2 Bb7 16. Bf4 Rf5 17. e4 Rxf4 18. gxf4 Nh5 19. Ne2 Qh4 20. Qb3 Bc8 21. Ra3
Bg4 22. Bf3 Rb8 23. Bxg4 Qxg4+ 24. Kh1 c4 25. Qh3 Nf6 26. Qxg4 Nxg4 27. Kg2
Bxb2 28. Ra2 Bg7 29. Rc2 c3 30. h3 Nf6 31. Nxc3 Nd7 32. Na2 Nc5 33. Nb4 a5 34.
Nc6 Re8 35. Rxc5 bxc5 36. e5 dxe5 37. fxe5 Bh6 38. Kf3 Bg5 39. Ke4 h5 1-0

[Event "27th Budapest Spring Festival"]
[Site "Budapest, Hungary"]
[Date "2011.03.19"]
[Round "3"]
[White "Meixner, Ferenc"]
[Black "Shan, He Jia Rita"]
[Result "1/2-1/2"]
[WhiteElo "2072"]
[BlackElo "1531"]
[PlyCount "123"]
[EventDate "2011.??.??"]

1. e4 e6 2. Nf3 d5 3. e5 Bd7 4. a3 c5 5. b4 cxb4 6. d4 Qb6 7. axb4 Bxb4+ 8. c3
Ba5 9. Ba3 Bb5 10. Bc5 Qa6 11. Qb3 Bxf1 12. Rxf1 Nc6 13. Na3 Nge7 14. Kd2 b6
15. Nb5 Kd7 16. Bd6 Rhc8 17. g4 f6 18. Rfc1 fxe5 19. Nxe5+ Nxe5 20. Bxe5 Rf8
21. Ke3 Qb7 22. Nc7 Rab8 23. Nb5 Rbd8 24. Bc7 Rc8 25. Bg3 Rc6 26. Nd6 Qa8 27.
Qa3 a6 28. Rab1 Ng6 29. Ke2 Nf4+ 30. Ke3 Rxd6 31. Bxf4 Rc6 32. Be5 Qe8 33. c4
dxc4 34. Rxc4 Qf7 35. f4 Rfc8 36. Rxc6 Rxc6 37. Rc1 Rxc1 38. Qxc1 Kd8 39. Qc6
Qe7 40. Qa8+ Kd7 41. Qb7+ Ke8 42. Qxa6 Qa3+ 43. Qd3 Qxd3+ 44. Kxd3 g6 45. Kc4
Ke7 46. Kb5 Kd7 47. g5 Kd8 48. Kc6 Ke7 49. Bc7 Ke8 50. Bxb6 Bxb6 51. Kxb6 Kd7
52. Kc5 Kc7 53. d5 exd5 54. Kxd5 Kd7 55. Ke5 Ke7 56. h4 Kf7 57. f5 gxf5 58.
Kxf5 Kg7 59. h5 Kg8 60. Kf6 Kh8 61. g6 h6 62. Kf7 1/2-1/2

[Event "27th Budapest Spring Festival"]
[Site "Budapest, Hungary"]
[Date "2011.03.19"]
[Round "3"]
[White "Szalay, Janos Dr"]
[Black "Heyl, Thomas"]
[Result "0-1"]
[WhiteElo "1878"]
[BlackElo "2050"]
[PlyCount "44"]
[EventDate "2011.??.??"]

1. f4 Nf6 2. Nc3 d5 3. d4 g6 4. e3 Bg7 5. Nf3 O-O 6. Bd3 c5 7. O-O b6 8. Ne5
Bb7 9. f5 Nc6 10. fxg6 fxg6 11. Nf3 e5 12. dxe5 Ng4 13. e4 Ncxe5 14. exd5 Nxf3+
15. gxf3 Bd4+ 16. Kg2 Qh4 17. fxg4 Bxc3 18. Be2 Be5 19. Bf4 Bxf4 20. Rh1 Bxh2
21. Bf3 Qg3+ 22. Kf1 Ba6+ 0-1

[Event "27th Budapest Spring Festival"]
[Site "Budapest, Hungary"]
[Date "2011.03.19"]
[Round "3"]
[White "Bartuszek, Andras"]
[Black "Yin, Stanley"]
[Result "0-1"]
[WhiteElo "1841"]
[BlackElo "2005"]
[PlyCount "98"]
[EventDate "2011.??.??"]

1. e4 c6 2. d4 Na6 3. c3 Nc7 4. Nf3 d6 5. Bf4 Nf6 6. Nbd2 g6 7. e5 dxe5 8. Nxe5
Nfd5 9. Bg3 Bg7 10. Bc4 Be6 11. Qe2 h5 12. h3 Bf5 13. Bd3 Ne6 14. Bxf5 gxf5 15.
Ng6 Rh6 16. Nh4 f4 17. Bh2 Nxd4 18. cxd4 Re6 19. Ne4 Nf6 20. f3 Nxe4 21. fxe4
Qxd4 22. Nf5 Qb4+ 23. Kf1 O-O-O 24. Bxf4 Rxe4 25. Be3 Bxb2 26. Rb1 Rd5 27. Ng3
Rxe3 28. Qxe3 Qc4+ 29. Ne2 Rf5+ 30. Kg1 Re5 31. Qb3 Qc5+ 32. Kh2 Rxe2 33. Rhg1
Qd5 34. Qxd5 cxd5 35. Rgf1 f6 36. Rf5 Be5+ 37. Kg1 d4 38. Rf2 Re3 39. Rc2+ Rc3
40. Rxc3+ dxc3 41. Rc1 b5 42. Kf2 b4 43. Ke2 Bf4 44. Rc2 Bd2 45. Kd3 e5 46. g4
h4 47. Ke4 a5 48. Kf5 a4 49. Kxf6 b3 0-1

[Event "27th Budapest Spring Festival"]
[Site "Budapest, Hungary"]
[Date "2011.03.19"]
[Round "3"]
[White "Peczely, Sebastian Zsombor"]
[Black "Somogyi, Istvan"]
[Result "1/2-1/2"]
[WhiteElo "1929"]
[BlackElo "2176"]
[PlyCount "46"]
[EventDate "2011.??.??"]

1. e4 c5 2. Nf3 e6 3. d4 cxd4 4. Nxd4 Nc6 5. Nc3 Qc7 6. Be3 a6 7. Qd2 Nf6 8.
O-O-O Bb4 9. f3 O-O 10. Kb1 d5 11. Bg5 dxe4 12. Bxf6 gxf6 13. Qh6 Bxc3 14. bxc3
e5 15. Nxc6 Qxc6 16. fxe4 Bg4 17. Rd3 Rfd8 18. h3 Rxd3 19. Bxd3 Be6 20. Rf1
Qxc3 21. Rxf6 Qb4+ 22. Ka1 Qc3+ 23. Kb1 Qb4+ 1/2-1/2

[Event "27th Budapest Spring Festival"]
[Site "Budapest, Hungary"]
[Date "2011.03.20"]
[Round "4"]
[White "Toth, Ervin"]
[Black "Kabai, Zsuzsanna"]
[Result "1-0"]
[WhiteElo "2424"]
[BlackElo "2148"]
[PlyCount "121"]
[EventDate "2011.??.??"]

1. d4 d5 2. c4 c6 3. Nc3 Nf6 4. Nf3 e6 5. Bg5 Nbd7 6. cxd5 exd5 7. e3 Be7 8.
Bd3 O-O 9. Qc2 Re8 10. O-O g6 11. a3 a5 12. h3 Nh5 13. Bh6 Nhf6 14. Rab1 Bd6
15. Bg5 Qc7 16. Rfc1 Qb8 17. b4 axb4 18. axb4 Ra3 19. Nd2 Qa8 20. Bf1 Kg7 21.
e4 dxe4 22. Nc4 Bc7 23. Nxa3 Qxa3 24. Nb5 cxb5 25. Qxc7 Nd5 26. Qd6 N7b6 27.
Rc5 h6 28. Bh4 Be6 29. Rxb5 Nc3 30. Ra5 Nba4 31. Re1 Qb3 32. Bg3 Nb2 33. Be5+
Kg8 34. d5 Nxd5 35. Bxb2 Qxb2 36. Rxd5 Bxd5 37. Qxd5 Qxb4 38. Re3 b6 39. Bd3
Qa5 40. Qxa5 bxa5 41. Rxe4 Rd8 42. Bc4 Kf8 43. Rf4 Rd1+ 44. Kh2 Rd7 45. Rf6 Rc7
46. Ba2 Kg7 47. Rf3 Re7 48. Kg3 Rb7 49. Rc3 Rb2 50. Ra3 Rb5 51. Kf4 Rb4+ 52.
Ke3 Rb5 53. Bc4 Rb4 54. Bd3 f6 55. Rxa5 Rb7 56. g4 Re7+ 57. Kf4 Rd7 58. Be4 Rc7
59. Rb5 Rc4 60. Rb7+ Kg8 61. f3 1-0

[Event "27th Budapest Spring Festival"]
[Site "Budapest, Hungary"]
[Date "2011.03.20"]
[Round "4"]
[White "Kantor, Gergely"]
[Black "Hradeczky, Tamas"]
[Result "1-0"]
[WhiteElo "2147"]
[BlackElo "2260"]
[PlyCount "75"]
[EventDate "2011.??.??"]

1. d4 d5 2. c4 e6 3. Nc3 Be7 4. cxd5 exd5 5. Bf4 c6 6. e3 Bf5 7. g4 Be6 8. h4
Bxh4 9. Qb3 b6 10. Nf3 Be7 11. Ne5 Nf6 12. g5 Nfd7 13. g6 Nxe5 14. Bxe5 fxg6
15. Bxg7 Rg8 16. Rxh7 Nd7 17. Bd3 Bf7 18. O-O-O Bf8 19. Bxf8 Nxf8 20. Rhh1 Qf6
21. Qa4 a5 22. Rhe1 b5 23. Qc2 Ne6 24. Kb1 Kf8 25. f4 Ng7 26. e4 b4 27. e5 Qe7
28. Na4 Ne6 29. Qf2 Rh8 30. f5 gxf5 31. Bxf5 Qh4 32. Qc2 Rc8 33. Rf1 Ke8 34.
Bxe6 Bxe6 35. Qg6+ Ke7 36. Qg7+ Ke8 37. Rf6 Bd7 38. e6 1-0

[Event "27th Budapest Spring Festival"]
[Site "Budapest, Hungary"]
[Date "2011.03.20"]
[Round "4"]
[White "Juhasz, Kristof"]
[Black "Kahn, Evarth Dr"]
[Result "1/2-1/2"]
[WhiteElo "2272"]
[BlackElo "2253"]
[PlyCount "71"]
[EventDate "2011.??.??"]

1. Nf3 d5 2. d4 c6 3. c4 Nf6 4. e3 Bg4 5. Qb3 Qb6 6. Nc3 Bxf3 7. gxf3 e6 8. e4
Qxb3 9. axb3 dxe4 10. fxe4 Bb4 11. Bg2 Nbd7 12. e5 Ng8 13. Ke2 Ne7 14. Ra4 a5
15. Be3 O-O 16. f4 Nf5 17. c5 Rad8 18. Na2 Nxe3 19. Kxe3 b6 20. Nxb4 axb4 21.
cxb6 Nxb6 22. Rxb4 Nd5+ 23. Bxd5 cxd5 24. Rc1 Rb8 25. Rxb8 Rxb8 26. Rc3 h6 27.
Kd2 Kh7 28. Rg3 Rc8 29. b4 Rc4 30. Rb3 Rxd4+ 31. Ke3 Re4+ 32. Kf3 g5 33. fxg5
Rxe5 34. gxh6 d4 35. b5 d3 36. Rxd3 1/2-1/2

[Event "27th Budapest Spring Festival"]
[Site "Budapest, Hungary"]
[Date "2011.03.20"]
[Round "4"]
[White "Bach, Matthias"]
[Black "Teglas, Balazs"]
[Result "1-0"]
[WhiteElo "2290"]
[BlackElo "2202"]
[PlyCount "99"]
[EventDate "2011.??.??"]

1. c4 Nf6 2. g3 g6 3. Bg2 Bg7 4. Nc3 O-O 5. e4 d6 6. Nge2 a6 7. O-O c5 8. h3
Nbd7 9. f4 Rb8 10. a4 b6 11. d3 Ne8 12. f5 Nc7 13. fxg6 fxg6 14. Rxf8+ Nxf8 15.
Be3 b5 16. cxb5 axb5 17. a5 b4 18. Na4 Nb5 19. Nb6 Ba6 20. d4 cxd4 21. Nxd4
Nxd4 22. Bxd4 Bxd4+ 23. Qxd4 Nd7 24. Nxd7 Qxd7 25. e5 d5 26. Qxd5+ Qxd5 27.
Bxd5+ Kg7 28. Bg2 Kf7 29. Bf1 Ra8 30. Bg2 Rc8 31. Bd5+ Kg7 32. Bb3 Rc5 33. e6
Re5 34. Ra4 Re4 35. Kf2 Bb5 36. Ra2 Ba6 37. Kf3 Rd4 38. Bc2 Kf6 39. Ra1 Kxe6
40. Re1+ Kd6 41. Be4 Kc5 42. Ke3 e5 43. b3 Kd6 44. Rc1 Kd7 45. Rc5 Ke6 46. Rc6+
Rd6 47. Rxd6+ Kxd6 48. Bd3 Bc8 49. a6 Kc6 50. a7 1-0

[Event "27th Budapest Spring Festival"]
[Site "Budapest, Hungary"]
[Date "2011.03.20"]
[Round "4"]
[White "Carlstedt, Jonathan"]
[Black "Szalanczy, Emil"]
[Result "1/2-1/2"]
[WhiteElo "2386"]
[BlackElo "2269"]
[PlyCount "164"]
[EventDate "2011.??.??"]

1. c4 c5 2. g3 Nc6 3. Bg2 g6 4. Nc3 Bg7 5. Nf3 Nf6 6. O-O O-O 7. d3 b6 8. Rb1
Bb7 9. a3 d6 10. Bd2 Qd7 11. b4 Rfd8 12. Qc1 Rac8 13. bxc5 dxc5 14. Bf4 Ba8 15.
Nb5 Nh5 16. Bh6 Bh8 17. Bg5 Ng7 18. Re1 Ne6 19. Bh3 Ne5 20. Nxe5 Bxe5 21. Qe3
Bg7 22. Bxe6 fxe6 23. Bh6 Bf6 24. Qd2 e5 25. Rbd1 Qh3 26. e4 Qh5 27. h4 Rd7 28.
Nc3 e6 29. Bg5 Rf8 30. Bxf6 Rxf6 31. Qg5 Qxg5 32. hxg5 Rf8 33. Kg2 Rdf7 34. Rd2
Bc6 35. Re3 Kg7 36. f3 h6 37. gxh6+ Kxh6 38. Rd1 g5 39. g4 Kg6 40. Rh1 Rd8 41.
Nd1 Ba4 42. Nb2 Bc6 43. Ree1 Rh7 44. Rxh7 Kxh7 45. Rh1+ Kg6 46. Kf2 a6 47. Ke3
Ra8 48. a4 Rf8 49. Ke2 Kg7 50. Rh5 Kg6 51. Rh1 Be8 52. Rh5 Kf6 53. Rh6+ Bg6 54.
Rh1 Rb8 55. Ke3 Kg7 56. Rh2 Be8 57. Rh1 Bc6 58. Rh2 Ra8 59. Rh5 Kg6 60. Rh1 Rd8
61. Rh2 Rg8 62. Rh1 Ra8 63. Rh2 b5 64. axb5 axb5 65. cxb5 Bxb5 66. Rc2 Ra2 67.
Kd2 Kf6 68. Nc4 Bxc4 69. dxc4 Ra4 70. Kd3 Ke7 71. Rc3 Ra2 72. Rc2 Ra1 73. Rc3
Rd1+ 74. Kc2 Rf1 75. Kd2 Kd6 76. Ra3 Ke7 77. Ra7+ Kf6 78. Ra3 Rf2+ 79. Ke3 Rc2
80. Kd3 Rf2 81. Ke3 Rc2 82. Kd3 Rf2 1/2-1/2

[Event "27th Budapest Spring Festival"]
[Site "Budapest, Hungary"]
[Date "2011.03.20"]
[Round "4"]
[White "Koczo, Kristof"]
[Black "Halak, Miklos"]
[Result "1-0"]
[WhiteElo "2264"]
[BlackElo "2062"]
[PlyCount "111"]
[EventDate "2011.??.??"]

1. d4 d5 2. c4 c6 3. Nf3 Nf6 4. Nc3 dxc4 5. a4 Bf5 6. e3 e6 7. Bxc4 Nbd7 8. O-O
Bb4 9. Nh4 Be4 10. Nxe4 Nxe4 11. Nf3 O-O 12. Bd3 Ndf6 13. Nd2 Nxd2 14. Bxd2 Qa5
15. Bxb4 Qxb4 16. Qc2 Rfd8 17. Qc3 Qd6 18. Rac1 Nd5 19. Qc5 Qxc5 20. Rxc5 Nb4
21. Be4 a5 22. g4 h6 23. f4 Re8 24. Kf2 g6 25. Rg1 Kg7 26. h4 f6 27. h5 g5 28.
Bg6 Red8 29. fxg5 hxg5 30. Ke2 Rd5 31. Rxd5 Nxd5 32. Be4 Ne7 33. Bd3 Ng8 34.
Bc4 Kf7 35. e4 Rd8 36. Rd1 Nh6 37. Kf3 Ke7 38. Rd3 Rc8 39. Rb3 Rc7 40. Be2 Kd6
41. Rb6 Rd7 42. Ke3 Kc7 43. Rb3 Kd6 44. Rd3 Ke7 45. b4 axb4 46. Rb3 Kd6 47.
Rxb4 e5 48. d5 Kc7 49. dxc6 bxc6 50. a5 Nf7 51. a6 Nd6 52. h6 Kc8 53. Bc4 Re7
54. Bg8 c5 55. Ra4 Kb8 56. h7 1-0

[Event "27th Budapest Spring Festival"]
[Site "Budapest, Hungary"]
[Date "2011.03.20"]
[Round "4"]
[White "Boguszlavszkij, Jevgenyij"]
[Black "Grimm, Daniel"]
[Result "1-0"]
[WhiteElo "2254"]
[BlackElo "1997"]
[PlyCount "83"]
[EventDate "2011.??.??"]

1. g3 g6 2. Bg2 Bg7 3. e4 c5 4. f4 Nc6 5. Nf3 e6 6. O-O Nge7 7. c3 O-O 8. Na3
Rb8 9. Kh1 b5 10. d4 cxd4 11. cxd4 d5 12. e5 h5 13. Nc2 Nf5 14. Qe2 b4 15. Qf2
Qa5 16. b3 Qb6 17. Rd1 a5 18. h3 Na7 19. g4 hxg4 20. hxg4 Ne7 21. Qh4 Re8 22.
Ng5 Qd8 23. Ne3 Nb5 24. Bb2 Bd7 25. Rf1 Rc8 26. f5 exf5 27. Nxd5 Nxd5 28. Bxd5
Bc6 29. Bxc6 Rxc6 30. gxf5 gxf5 31. Qh7+ Kf8 32. Qxf5 Rh6+ 33. Kg1 Qd5 34.
Qxf7+ Qxf7 35. Rxf7+ Kg8 36. Rf5 Rc8 37. Raf1 Rc2 38. R5f2 Rxf2 39. Rxf2 Rg6
40. Rg2 Nc3 41. a4 Nd1 42. Bc1 1-0

[Event "27th Budapest Spring Festival"]
[Site "Budapest, Hungary"]
[Date "2011.03.20"]
[Round "4"]
[White "Juhasz, Armin"]
[Black "Bea, Boglarka"]
[Result "1/2-1/2"]
[WhiteElo "2037"]
[BlackElo "2109"]
[PlyCount "33"]
[EventDate "2011.??.??"]

1. d4 Nf6 2. c4 g6 3. Nc3 d5 4. Nf3 Bg7 5. Bf4 O-O 6. e3 c5 7. dxc5 Qa5 8. Rc1
dxc4 9. Bxc4 Nc6 10. O-O Qxc5 11. Bb3 Qa5 12. h3 Bf5 13. Qe2 Ne4 14. Nxe4 Bxe4
15. Rfd1 Rad8 16. Rxd8 Qxd8 17. Rd1 1/2-1/2

[Event "27th Budapest Spring Festival"]
[Site "Budapest, Hungary"]
[Date "2011.03.20"]
[Round "4"]
[White "Tran, Minh Thang"]
[Black "Ngo Tan, Don"]
[Result "1/2-1/2"]
[WhiteElo "2077"]
[BlackElo "2141"]
[PlyCount "88"]
[EventDate "2011.??.??"]

1. d4 Nf6 2. Bf4 g6 3. e3 Bg7 4. Nf3 O-O 5. Be2 d5 6. O-O Bf5 7. Nbd2 Nbd7 8.
h3 c5 9. c3 Qb6 10. Qb3 c4 11. Qxb6 axb6 12. Ne5 Nxe5 13. Bxe5 Nd7 14. Bxg7
Kxg7 15. e4 Bxe4 16. Nxe4 dxe4 17. Bxc4 Ra5 18. a3 Rc8 19. Ba2 Nf6 20. Rfe1 Rf5
21. Bb1 Rb5 22. Bxe4 Rxb2 23. Bxb7 Rc7 24. Bf3 e6 25. Rec1 Rb3 26. c4 Rd3 27.
c5 bxc5 28. dxc5 Nd7 29. c6 Ne5 30. Be2 Rd5 31. f4 Nd3 32. Bxd3 Rxd3 33. Rc4
Rb3 34. a4 Rb6 35. Rac1 Ra6 36. Kf2 Kf6 37. Kf3 h5 38. g4 hxg4+ 39. hxg4 e5 40.
Ke4 exf4 41. Kd5 Kg5 42. Kd6 Rcxc6+ 43. Rxc6 Rxa4 44. R6c4 Ra6+ 1/2-1/2

[Event "27th Budapest Spring Festival"]
[Site "Budapest, Hungary"]
[Date "2011.03.20"]
[Round "4"]
[White "Lengyel, Bela"]
[Black "Frih, Ameur"]
[Result "1-0"]
[WhiteElo "2296"]
[BlackElo "2095"]
[PlyCount "125"]
[EventDate "2011.??.??"]

1. e4 e5 2. Nf3 Nc6 3. Bb5 a6 4. Ba4 Nf6 5. O-O Be7 6. Qe2 b5 7. Bb3 O-O 8. c3
d5 9. d3 Bb7 10. exd5 Nxd5 11. Nxe5 Nxe5 12. Qxe5 Nf6 13. Qe2 Re8 14. Be3 Bd6
15. Nd2 c5 16. Rfe1 Qc7 17. h3 Qc6 18. Qf1 Rad8 19. Bd1 Bb8 20. Bf3 Nd5 21. Bg5
Qc7 22. g3 f6 23. Rxe8+ Rxe8 24. Re1 Qd7 25. Rxe8+ Qxe8 26. c4 fxg5 27. cxd5
Qe5 28. Qg2 Qe1+ 29. Nf1 Bd6 30. b3 Qb1 31. Be4 Qxa2 32. Qf3 Qa1 33. Qf5 Qf6
34. Qxh7+ Kf7 35. Ne3 Bc8 36. Kg2 Qh6 37. Qxh6 gxh6 38. Bf3 a5 39. Bd1 Kf6 40.
Ng4+ Bxg4 41. hxg4 Ke5 42. Kf3 Kd4 43. Ke2 Kc3 44. Ke3 b4 45. f4 Kb2 46. d4 Kc1
47. dxc5 Bxc5+ 48. Ke2 Bd6 49. f5 Be5 50. Ke1 Bxg3+ 51. Ke2 Be5 52. Ke1 Kb2 53.
Kd2 Bf4+ 54. Kd3 Kc1 55. Bf3 Be5 56. Ke4 Bf6 57. d6 a4 58. bxa4 b3 59. Kd5 h5
60. Ke6 hxg4 61. Be4 Bc3 62. d7 Ba5 63. f6 1-0

[Event "27th Budapest Spring Festival"]
[Site "Budapest, Hungary"]
[Date "2011.03.20"]
[Round "4"]
[White "Heyl, Thomas"]
[Black "Werner, Dimo"]
[Result "1/2-1/2"]
[WhiteElo "2050"]
[BlackElo "2272"]
[PlyCount "54"]
[EventDate "2011.??.??"]

1. d4 Nf6 2. Nf3 d5 3. c4 dxc4 4. e3 e6 5. Bxc4 a6 6. a4 b6 7. O-O Bb7 8. Nc3
Nbd7 9. Qe2 Bb4 10. Rd1 O-O 11. Bd2 Qe7 12. Rac1 Rfc8 13. Bd3 c5 14. h3 cxd4
15. exd4 h6 16. Ne5 a5 17. Bb5 Nf8 18. Ng4 N8h7 19. Be3 Qd8 20. Ne5 Bf8 21. Bd3
Qe7 22. Nc4 Nd7 23. Nb5 Bd5 24. Bf4 Nhf6 25. Nc7 Ra7 26. Nb5 Raa8 27. Nc7 Ra7
1/2-1/2

[Event "27th Budapest Spring Festival"]
[Site "Budapest, Hungary"]
[Date "2011.03.20"]
[Round "4"]
[White "Yin, Stanley"]
[Black "Medvegyne Balogh, Emese"]
[Result "0-1"]
[WhiteElo "2005"]
[BlackElo "2095"]
[PlyCount "52"]
[EventDate "2011.??.??"]

1. g3 d5 2. c3 c6 3. Na3 Nf6 4. d3 e5 5. Nc2 Bd6 6. Nf3 h6 7. Bg2 Be6 8. O-O
Qd7 9. e4 dxe4 10. dxe4 O-O 11. Qe2 Qc7 12. Nxe5 Bxe5 13. f4 Bd6 14. Kh1 Bg4
15. Qf2 Nfd7 16. Be3 Na6 17. h3 Be6 18. b3 f5 19. Nd4 Rae8 20. Rad1 fxe4 21.
Qd2 Bc5 22. g4 Bxd4 23. Bxd4 c5 24. Bxg7 Kxg7 25. f5 e3 26. Qd6 e2 0-1

[Event "27th Budapest Spring Festival"]
[Site "Budapest, Hungary"]
[Date "2011.03.20"]
[Round "4"]
[White "Borda, Lajos"]
[Black "Orfei, Rolando"]
[Result "1-0"]
[WhiteElo "2135"]
[BlackElo "2025"]
[PlyCount "41"]
[EventDate "2011.??.??"]

1. e4 c6 2. d4 d5 3. f3 e6 4. Nc3 Bb4 5. g3 dxe4 6. fxe4 c5 7. a3 Bxc3+ 8. bxc3
Nc6 9. Nf3 Nf6 10. e5 Nd5 11. Bd2 Qa5 12. Ng5 Nxc3 13. Qf3 cxd4 14. Qxf7+ Kd8
15. Qxg7 Qxe5+ 16. Qxe5 Nxe5 17. Bf4 Rg8 18. Bxe5 Nd5 19. Ne4 Ne3 20. Bd3 Bd7
21. Bxd4 1-0

[Event "27th Budapest Spring Festival"]
[Site "Budapest, Hungary"]
[Date "2011.03.20"]
[Round "4"]
[White "Gal, Janos"]
[Black "Szajbely, Zsigmond"]
[Result "0-1"]
[WhiteElo "1937"]
[BlackElo "2074"]
[PlyCount "74"]
[EventDate "2011.??.??"]

1. e4 c5 2. f4 d5 3. exd5 Nf6 4. Bb5+ Bd7 5. Qe2 Nxd5 6. Bxd7+ Qxd7 7. d3 Nc6
8. Nf3 O-O-O 9. O-O e6 10. Nc3 Bd6 11. Ne4 Rhe8 12. Nxd6+ Qxd6 13. Ng5 Qc7 14.
Ne4 Nd4 15. Qf2 Nb4 16. Be3 Nbxc2 17. Rac1 Nxe3 18. Rxc5 Qxc5 19. Nxc5 Nxf1 20.
Kxf1 Rd5 21. Ne4 Red8 22. g3 Nc6 23. Kg2 Rxd3 24. Kh3 h6 25. f5 e5 26. b4 Kb8
27. b5 Nd4 28. Nc5 Rf3 29. Qg2 g5 30. fxg6 fxg6 31. Ne6 Nxe6 32. Qc2 Ng5+ 33.
Kg2 Rdf8 34. h4 Rf2+ 35. Qxf2 Rxf2+ 36. Kxf2 Ne4+ 37. Ke3 Nd6 0-1

[Event "27th Budapest Spring Festival"]
[Site "Budapest, Hungary"]
[Date "2011.03.20"]
[Round "4"]
[White "Zala, Gyula"]
[Black "Papa, Kassim"]
[Result "0-1"]
[WhiteElo "2074"]
[BlackElo "1919"]
[PlyCount "74"]
[EventDate "2011.??.??"]

1. e4 c5 2. a3 e6 3. b4 cxb4 4. axb4 Bxb4 5. c3 Bf8 6. d4 d5 7. e5 Nc6 8. Bd3
Bd7 9. Ra2 Qc7 10. Ne2 Na5 11. O-O Nc4 12. Nf4 g6 13. Nh3 Ne7 14. f4 h5 15. Ng5
Nf5 16. Re1 Be7 17. Rf2 a5 18. g4 hxg4 19. Qxg4 a4 20. Rg2 Rh4 21. Qf3 Bxg5 22.
Bxf5 exf5 23. fxg5 Be6 24. Ra2 Qb6 25. Nd2 Nxd2 26. Bxd2 Qb3 27. Rea1 b5 28.
Qd1 Qc4 29. Qf1 Rc8 30. Rb2 Qxf1+ 31. Rxf1 Bd7 32. Ra1 Kf8 33. Be1 Re4 34. Bd2
Kg7 35. Re1 Rg4+ 36. Kh1 Rh8 37. Re3 Rh7 0-1

[Event "27th Budapest Spring Festival"]
[Site "Budapest, Hungary"]
[Date "2011.03.20"]
[Round "4"]
[White "Kiss, Peter"]
[Black "Meixner, Ferenc"]
[Result "0-1"]
[WhiteElo "1902"]
[BlackElo "2072"]
[PlyCount "78"]
[EventDate "2011.??.??"]

1. e4 c5 2. Nf3 e6 3. d4 cxd4 4. Nxd4 Nf6 5. Nc3 Nc6 6. Ndb5 Bb4 7. Nd6+ Ke7 8.
Nxc8+ Rxc8 9. Bd3 d5 10. exd5 Qxd5 11. O-O Bxc3 12. bxc3 Rhd8 13. Ba3+ Ke8 14.
Qe2 Qe5 15. Rab1 Qxe2 16. Bxe2 Rd7 17. Rfd1 Nd5 18. Bb2 f6 19. Ba1 Rcd8 20. Bf3
Nde7 21. Re1 Kf7 22. Red1 Ne5 23. Be2 Rxd1+ 24. Rxd1 Rxd1+ 25. Bxd1 Nc4 26. Be2
b5 27. Bxc4 bxc4 28. Bb2 Nd5 29. Kf1 f5 30. Ke1 e5 31. Kd2 g5 32. Ba3 h5 33.
Bc5 a6 34. Bd6 Ke6 35. Bc5 h4 36. g3 h3 37. Bb4 Nf6 38. f3 g4 39. fxg4 Nxg4 0-1

[Event "27th Budapest Spring Festival"]
[Site "Budapest, Hungary"]
[Date "2011.03.20"]
[Round "4"]
[White "Varga, Melinda"]
[Black "Tran, Tuan Minh"]
[Result "0-1"]
[WhiteElo "2031"]
[BlackElo "2295"]
[PlyCount "134"]
[EventDate "2011.??.??"]

1. Nf3 d5 2. g3 Nf6 3. Bg2 Bf5 4. c4 c6 5. cxd5 cxd5 6. Qb3 Qb6 7. Qxb6 axb6 8.
Nc3 Nc6 9. d3 h6 10. Be3 e5 11. Bxb6 d4 12. Nb5 Bb4+ 13. Nd2 Kd7 14. a3 Ra6 15.
Bc7 Ne8 16. Bxe5 Nxe5 17. Nxd4 Bh7 18. N4b3 Bxd2+ 19. Kxd2 Rd6 20. Nc5+ Ke7 21.
Nxb7 Rb6 22. b4 Nd6 23. Na5 Rd8 24. Rhc1 Kf8 25. f4 Ng4 26. h3 Nf6 27. Ke1 g5
28. Rc5 Nf5 29. Kf2 gxf4 30. gxf4 Nh5 31. e4 Nxf4 32. Rxf5 Bxf5 33. exf5 Rxd3
34. Nc4 Rf6 35. b5 Rd4 36. Bf1 Nd5 37. Ne3 Nc3 38. Rc1 Ne4+ 39. Kg1 Ra4 40. Rc4
Rxc4 41. Bxc4 Nc3 42. Kf2 Rb6 43. a4 Nxa4 44. Nd5 Rb8 45. Ke3 Nb6 46. Nxb6 Rxb6
47. Kd4 Ke7 48. Kc5 Rf6 49. Bd3 Kd7 50. Be4 Kc7 51. Kd5 h5 52. Ke5 Rd6 53. f6
Re6+ 54. Kf5 Kd6 55. Bc6 Re5+ 56. Kf4 Rc5 57. Be8 Ke6 58. b6 Kxf6 59. b7 Rc4+
60. Kg3 Rb4 61. Bc6 Ke5 62. Bf3 h4+ 63. Kg2 Kf4 64. Bd5 Rb2+ 65. Kf1 f5 66. Bc6
Kg3 67. Bd7 Rxb7 0-1

[Event "27th Budapest Spring Festival"]
[Site "Budapest, Hungary"]
[Date "2011.03.20"]
[Round "4"]
[White "Mester, Attila"]
[Black "Peczely, Sebastian Zsombor"]
[Result "1/2-1/2"]
[WhiteElo "2107"]
[BlackElo "1929"]
[PlyCount "90"]
[EventDate "2011.??.??"]

1. e4 e5 2. Nf3 Nc6 3. Nc3 Nf6 4. Bb5 Bb4 5. O-O d6 6. d3 h6 7. Nd5 Ba5 8. c3
O-O 9. b4 Bb6 10. a4 a6 11. Nxb6 cxb6 12. Bc4 Be6 13. Bxe6 fxe6 14. Re1 Qe7 15.
Be3 Qc7 16. h3 d5 17. Bd2 b5 18. axb5 axb5 19. Qe2 d4 20. Rec1 Rxa1 21. Rxa1
Nd7 22. Qd1 Qd6 23. Qb3 Kh7 24. c4 bxc4 25. dxc4 b6 26. Ne1 Ne7 27. Nd3 Qc6 28.
f3 Rc8 29. Ra7 Ra8 30. Rxa8 Qxa8 31. c5 Qc6 32. Qc4 b5 33. Qa2 g5 34. Be1 Kg7
35. Bg3 Ng6 36. Qa7 Kf6 37. Qa5 Ke7 38. Kf2 Qb7 39. Ke2 Qc6 40. Qa7 Kf6 41. Kd2
Nf4 42. Bxf4 exf4 43. Qa5 Ke7 44. Qa7 Kf6 45. Ke2 e5 1/2-1/2

[Event "27th Budapest Spring Festival"]
[Site "Budapest, Hungary"]
[Date "2011.03.20"]
[Round "4"]
[White "Somogyi, Istvan"]
[Black "Chen, Yang"]
[Result "1-0"]
[WhiteElo "2176"]
[BlackElo "2033"]
[PlyCount "61"]
[EventDate "2011.??.??"]

1. d4 d5 2. c4 c6 3. Nf3 Nf6 4. e3 e6 5. Nc3 Nbd7 6. Bd3 dxc4 7. Bxc4 b5 8. Bd3
Bd6 9. O-O O-O 10. Qc2 Bb7 11. h3 a6 12. e4 e5 13. Be3 Qe7 14. dxe5 Nxe5 15.
Nxe5 Bxe5 16. f4 Bxc3 17. bxc3 c5 18. e5 c4 19. Be2 Ne4 20. Bd4 Ng3 21. Rf2 Be4
22. Qd2 Qb7 23. Re1 Rfd8 24. Bg4 h5 25. Qe3 Nf5 26. Bxf5 Bxf5 27. g4 hxg4 28.
hxg4 Bxg4 29. f5 Qe7 30. Qg3 Qg5 31. Rf4 1-0